000 00389nam a22001337a 4500
999 _c525206
_d525206
020 _a9789392099748
082 _aA6x54 G747
100 _aGowda, Chandan
_943313
245 _aAnother India: event, memories, people
_cby Chandan Gowda
260 _aNew Delhi
_bSimon & Schuster
_c2023
300 _a267p.
650 _aIndia- History
_943314
650 _aIndia - Civilization - History
_943315